Every Mario Kart Item - Statistics

General Stats
  • This quiz has been taken 69 times
  • The average score is 29 of 49
Answer Stats
Hint Answer % Correct
Super Mario Kart Red Shell
98%
Super Mario Kart Green Shell
96%
Super Mario Kart Banana
91%
Super Mario Kart Mushroom
91%
Mario Kart DS Bullet Bill
89%
Mario Kart 8 Coin
89%
Super Mario Kart Boo
86%
Super Mario Kart Lightning
84%
Super Mario Kart Star
84%
Mario Kart 64 Golden Mushroom
82%
Mario Kart 7 Fire Flower
80%
Super Mario Kart Feather
79%
Mario Kart 64 Spiny Shell
75%
Mario Kart Double Dash Bob-omb
73%
Mario Kart Wii Mega Mushroom
71%
Mario Kart Double Dash Bowser Shell
70%
Mario Kart DS Blooper
66%
Mario Kart 64 Fake Item Box
66%
Mario Kart Wii Thunder Cloud
66%
Mario Kart 8 Crazy 8
64%
Mario Kart Double Dash Heart
64%
Mario Kart 8 Super Horn
64%
Mario Kart 64 Triple Green Shells
64%
Mario Kart 64 Triple Mushrooms
64%
Mario Kart Double Dash Yoshi Egg
64%
Mario Kart 7 Lucky 7
63%
Mario Kart 64 Triple Red Shells
63%
Mario Kart Double Dash Chain Chomp
61%
Mario Kart Double Dash Fireball
61%
Mario Kart Double Dash Giant Banana
61%
Mario Kart Double Dash Birdo Egg
59%
Mario Kart 8 Boomerang Flower
57%
Mario Kart DS Triple Bananas
57%
Mario Kart Wii POW Block
55%
Mario Kart 7 Super Leaf
55%
Mario Kart 8 Piranha Plant
52%
Mario Kart Tour Ice Flower
50%
Mario Kart Tour Hammer
43%
Mario Kart 64 Banana Bunch
41%
Mario Kart Tour Coin Box
32%
Mario Kart Tour Mushroom Cannon
32%
Mario Kart Tour Bubble
30%
Mario Kart Tour Bob-omb Cannon
27%
Mario Kart Tour Super Bell
20%
Mario Kart Tour Banana Barrels
18%
Mario Kart Tour Dash Ring
18%
Mario Kart Tour Double Bob-ombs
16%
Mario Kart Tour Giga Bob-omb
16%
Mario Kart Tour Capsule
14%
No matching quizzes found
Score Distribution
Percent of People with Each Score
Percentile by Number Answered
Your Score History
You have not taken this quiz